| 000 | 00851 a2200157 4500 | ||
|---|---|---|---|
| 003 | NUST | ||
| 005 | 20230131143339.0 | ||
| 040 | _cNust | ||
| 082 | _a941,PUC | ||
| 100 |
_aPuckler, Count _9108271 |
||
| 245 |
_aHow strong is britain / _cCount Puckler |
||
| 260 |
_aLondon _bGeorage Routledge sons Ltd _c1939 |
||
| 300 | _a263 pages | ||
| 505 | _aGreat Britain and the New World (Page-1), Great Britian’s Economic System (Page-8), British Industry (Page-15), British Agriculture (Page-55), British Shipping (Page-72), Great Britain the World’s banker (Page-89), The Unseen Empire (Page-101), Is Great Britain Becoming poorer (Page-130), British Military Strength (Page-150), The Empire as Burden and Support (Page-207), Population Difficulties in the Empire (Page-235), Strom Clouds on the Horizon (Page-250). | ||
| 942 |
_2ddc _cBK _k941,PUC |
||
| 999 |
_c193986 _d193986 |
||